01031nas a2200253Ia 4500001001100000003000900011008004100020040001300061040001300074041001300087100003800100210001000138222001000148245007800158250001100236260004100247501008600288300001800374362003300392500026400425650003900689700002000728700002900748R455/G9833IT-RoPAU151124c99999999xx |||||||||||| ||und|| aIT-RoPAU cIT-RoPAU aITALIANO aAA.VV. gCodice Aut. SPICS: 12000 aJESUS aJesus aJESUS, ANNO 24-N.04 (APRILE 2002)bDossier: Si Puo' Ancora Ridere di Dio? a1a ed. aALBA (CN)bPERIODICI SAN PAOLOc2002 bPaulus - SPICS - Società San Paolo EM (non-commercial uses only)cCopyright2015 a15 p. [51-65] aANNO 024, N.04 (APRILE 2002) aSatira Religiosa Dopo L'11 Settembre: Impresa Pericolosa, Eppure Sempre più Utile. Una Risata Ci Salverà di Piero Pisarra. Fede a Prova di Humour di Mons. Luigi Bettazzi. L'Odio Sconfitto Dalle Battute: Intervista a Moni Ovadia di Luciano Scalettari. La S aPASTORALEvPUBBLICAZIONE PERIODICA aFerro' Giovanni gCodice Aut. SPICS: 51323